00773 a2200181 4500020002200000020001500022050002000037100002800057245009000085264003800175300003000213440003600243500020200279504004100481650002200522650002700544700002000571 a1592211550 (pbk.) a159221154200aPL8002 LIN 2003 aMugane, John M.eeditor10aLinguistic typology and representation of African languages /cedited by John Mugane. aTrentonbAfrica World Pressc2003 ax, 335 p. :bill., maps ; 0aTrends in African linguistics ; a"Selection of the papers presented at the 33rd Annual Conference on African Linguistics (ACAL) held in Athens, Ohio on March 21-23, 2002 under the sponsorship of the Ohio University, Athens"--Pref. aIncludes bibliographical references. 0aAfrican languages 0aTypology (Linguistics)1 aMugane, John M.